| 000 | 00724nam a2200265Ia 4500 | ||
|---|---|---|---|
| 008 | 160319s9999 xx 000 0 und d | ||
| 020 | _a9129590647 | ||
| 050 | _aFic | ||
| 050 | _b.B626l 1978 | ||
| 100 | _aBjork, Christina | ||
| 245 | _aLinnea's windowsill garden / | ||
| 245 | _c by Christina Bjork and Lena Anderson ; translated by Joan Sandin. | ||
| 260 | _aNew York : | ||
| 260 | _bR & S Books | ||
| 260 | _c1978 | ||
| 300 | _a59 pages; | ||
| 300 | _billustrations (some color) ; | ||
| 300 | _c25 cm | ||
| 650 | _aGardening -- | ||
| 650 | _aPlants -- | ||
| 650 | _aPlants, Cultivated -- | ||
| 650 | _xJuvenile literature. | ||
| 650 | _xJuvenile literature. | ||
| 650 | _xJuvenile literature. | ||
| 999 |
_c292087 _d292087 |
||